[Event "Bayern-chI Bank Hofmann 10th"]
[Site "Bad Wiessee"]
[Date "2006.11.11"]
[Round "8"]
[White "Braunschlaeger, Claus"]
[Black "Konzen, Horst"]
[Result "1-0"]
[WhiteElo "2239"]
[BlackElo "2100"]
[PlyCount "91"]
[EventDate "2006.11.04"]
[EventType "swiss"]
[EventRounds "9"]
[EventCountry "GER"]
[SourceTitle "EXT 2007"]
[Source "ChessBase"]
[SourceDate "2006.11.23"]
[SourceVersion "1"]
[SourceVersionDate "2006.11.23"]
[SourceQuality "1"]

1. e4 c5 2. Nf3 d6 3. d4 cxd4 4. Nxd4 Nf6 5. Nc3 g6 6. f4 Nc6 7. Nxc6 bxc6 8. e5 Nd7 9. exd6 exd6 10. Bc4 Be7 11. 0-0 Nf6 12. Qf3 Qb6+ 13. Be3 Bg4 14. Bxb6 Bxf3 15. Bd4 Bg4 16. Rfe1 Kd7 17. Bxf7 Rhf8 18. Bb3 h5 19. h3 Bf5 20. Rad1 a6 21. Na4 Bd8 22. Nc5+ Kc7 23. Ne6+ Bxe6 24. Rxe6 d5 25. c4 Kd7 26. Rde1 Rb8 27. cxd5 cxd5 28. Ba4+ Kc8 29. Rc1+ Kb7 30. Bc6+ Kc8 31. Bxd5+ Kd7 32. Bc4 Rb4 33. Bc5 Rxc4 34. Rd6+ Ke8 35. Rxc4 Kf7 36. Rxf6+ Bxf6 37. Bxf8 Kxf8 38. b4 Ke7 39. a4 Kd6 40. b5 Kd5 41. Rc8 Bd4+ 42. Kf1 axb5 43. axb5 Be3 44. g3 Kd6 45. Ke2 Bg1 46. Rc6+ 1-0

[Event "Cologne-ch 05"]
[Site "Cologne"]
[Date "2005.01.16"]
[Round "5"]
[White "Konzen, Horst"]
[Black "Jansen, Kurt"]
[Result "1/2-1/2"]
[WhiteElo "1887"]
[BlackElo "1480"]
[PlyCount "122"]
[EventDate "2004.12.04"]
[EventType "swiss"]
[EventRounds "7"]
[EventCountry "GER"]
[SourceTitle "EXT 2006"]
[Source "ChessBase"]
[SourceDate "2005.11.24"]
[SourceVersion "1"]
[SourceVersionDate "2005.11.24"]
[SourceQuality "1"]

1. d4 e6 2. Nf3 d5 3. c4 Nf6 4. Nc3 Nc6 5. Bg5 Be7 6. e3 h6 7. Bh4 dxc4 8. Bxc4 Nd5 9. Bg3 Nxc3 10. bxc3 Bd6 11. 0-0 0-0 12. Qe2 Ne7 13. e4 c6 14. Bxd6 Qxd6 15. a4 Ng6 16. e5 Qe7 17. Rfe1 Nf4 18. Qd2 Nd5 19. Bd3 Bd7 20. Reb1 b6 21. c4 Nc7 22. Qb4 Qxb4 23. Rxb4 Na6 24. Rb2 c5 25. a5 Nb4 26. Be4 Rab8 27. axb6 axb6 28. Rd2 Bc6 29. Bxc6 Nxc6 30. d5 exd5 31. Rxd5 Na5 32. Rc1 Ra8 33. Kf1 Rfe8 34. Ke2 f6 35. Kd3 fxe5 36. Nxe5 Rad8 37. Rxd8 Rxd8+ 38. Ke3 Re8 39. f4 Nc6 40. Ke4 Nxe5 41. fxe5 Kf7 42. Rd1 Rb8 43. Rd7+ Kg6 44. Kd5 b5 45. cxb5 Rxb5 46. e6 c4+ 47. Kxc4 Rg5 48. g3 Kf6 49. e7 Kf7 50. Kd4 Ke8 51. Rc7 Ra5 52. Ke4 Rb5 53. Kf4 Ra5 54. h4 Rb5 55. g4 Ra5 56. g5 h5 57. Rb7 Rc5 58. Ra7 Rc4+ 59. Ke5 Rxh4 60. Ke6 Re4+ 61. Kd6 Rd4+ 1/2-1/2

[Event "Cologne-ch 05"]
[Site "Cologne"]
[Date "2005.01.16"]
[Round "6"]
[White "Wiedermann, Lars"]
[Black "Konzen, Horst"]
[Result "1/2-1/2"]
[WhiteElo "1643"]
[BlackElo "1887"]
[PlyCount "59"]
[EventDate "2004.12.04"]
[EventType "swiss"]
[EventRounds "7"]
[EventCountry "GER"]
[SourceTitle "EXT 2006"]
[Source "ChessBase"]
[SourceDate "2005.11.24"]
[SourceVersion "1"]
[SourceVersionDate "2005.11.24"]
[SourceQuality "1"]

1. e4 d6 2. d4 Nf6 3. Nc3 g6 4. f4 Bg7 5. Nf3 0-0 6. Bc4 d5 7. exd5 c6 8. dxc6 Nxc6 9. h3 Qb6 10. Bb3 Rd8 11. Na4 Qc7 12. c3 Na5 13. Nc5 Nxb3 14. axb3 a6 15. Qe2 b6 16. Nd3 Bb7 17. 0-0 Bd5 18. b4 Ne4 19. Re1 e6 20. Ng5 Nd6 21. g4 Qb7 22. Kf2 h6 23. Nf3 Ne4+ 24. Kg2 Nd6 25. Be3 Ra7 26. Nde5 Raa8 27. Rf1 Bxe5 28. fxe5 Bc4 29. Qf2 Bxf1+ 30. Rxf1 1/2-1/2

[Event "Cologne-ch 05"]
[Site "Cologne"]
[Date "2005.01.08"]
[Round "4"]
[White "Bekritsky, Gregory"]
[Black "Konzen, Horst"]
[Result "1/2-1/2"]
[WhiteElo "1597"]
[BlackElo "1887"]
[PlyCount "83"]
[EventDate "2004.12.04"]
[EventType "swiss"]
[EventRounds "7"]
[EventCountry "GER"]
[SourceTitle "EXT 2006"]
[Source "ChessBase"]
[SourceDate "2005.11.24"]
[SourceVersion "1"]
[SourceVersionDate "2005.11.24"]
[SourceQuality "1"]

1. e4 d6 2. d4 Nf6 3. Nc3 g6 4. f4 Bg7 5. Nf3 0-0 6. h3 c5 7. dxc5 Qa5 8. Bd3 Qxc5 9. Qe2 Nh5 10. Be3 Qa5 11. Kf2 e5 12. Nd5 exf4 13. Nxf4 Nc6 14. Nxh5 Qxh5 15. g4 Qa5 16. c3 Be6 17. Kg2 d5 18. Nd4 Ne5 19. Nxe6 fxe6 20. Bd4 Nxd3 21. Qxd3 Bxd4 22. Qxd4 Qb5 23. Qd2 dxe4 24. Rae1 Rad8 25. Qe2 Qd3 26. Qxe4 Qxe4+ 27. Rxe4 Rd2+ 28. Kg3 Rxb2 29. Rxe6 Rxa2 30. Re7 Rf7 31. Rxf7 Kxf7 32. Re1 a5 33. Kf4 Ra3 34. Rb1 Rxc3 35. Rxb7+ Kg8 36. h4 h6 37. Ra7 Rc4+ 38. Kf3 a4 39. Kg3 Rb4 40. Kh3 Rb3+ 41. Kg2 a3 42. Kh2 1/2-1/2

[Event "Leverkusen-ch"]
[Site "Leverkusen"]
[Date "2004.06.04"]
[Round "5"]
[White "Konzen, Horst"]
[Black "Stanetzek, Carsten"]
[Result "0-1"]
[WhiteElo "1865"]
[BlackElo "2166"]
[PlyCount "160"]
[EventDate "2004.05.31"]
[EventType "swiss"]
[EventRounds "7"]
[EventCountry "GER"]
[SourceTitle "CBM 100 Extra"]
[Source "ChessBase"]
[SourceDate "2004.07.06"]
[SourceVersion "2"]
[SourceVersionDate "2004.07.06"]
[SourceQuality "1"]

1. Nf3 d5 2. g3 Nf6 3. Bg2 Nbd7 4. 0-0 e5 5. d3 Bc5 6. c3 a5 7. Qc2 0-0 8. Nbd2 Qe7 9. e4 dxe4 10. dxe4 Rd8 11. b3 b5 12. Bb2 Bb7 13. Rad1 Bb6 14. c4 b4 15. h3 Ne8 16. Rfe1 f6 17. Nf1 Nd6 18. Nh4 g6 19. Ne3 Bxe3 20. Rxe3 Nc5 21. Re2 Ne6 22. Kh2 c5 23. Rde1 a4 24. f3 axb3 25. axb3 Ra2 26. Qc1 g5 27. Nf5 Nxf5 28. exf5 Nd4 29. Bxd4 Rxe2 30. Rxe2 Rxd4 31. Qb1 Qd7 32. Qa2 Qxf5 33. Qa7 Bxf3 34. Qb8+ Kg7 35. Ra2 Rd7 36. Bxf3 Qxf3 37. Qe8 Qd3 38. h4 Qd6 39. hxg5 fxg5 40. Rf2 Qh6+ 41. Kg2 Qc6+ 42. Kh2 Qd6 43. Qc8 Qe7 44. Qb8 e4 45. Rf5 e3 46. Qe5+ Qxe5 47. Rxe5 Kf6 48. Rxe3 Rd2+ 49. Kg1 Kf5 50. Kf1 Kg4 51. Re5 Rd3 52. Rxc5 Rf3+ 53. Ke1 Rxg3 54. Rb5 Rxb3 55. c5 h5 56. Kd2 Rb2+ 57. Kc1 Rf2 58. Rxb4+ Kg3 59. c6 Rf5 60. Rc4 h4 61. c7 Rf8 62. Rc3+ Kf2 63. Rc2+ Kf1 64. Rc5 Rc8 65. Rxg5 Rxc7+ 66. Kd2 h3 67. Rh5 Kg2 68. Rg5+ Kh1 69. Rh5 h2 70. Ke2 Kg2 71. Rg5+ Kh3 72. Kf2 Rf7+ 73. Ke2 h1Q 74. Rh5+ Kg2 75. Rg5+ Kh2 76. Rh5+ Kg1 77. Rxh1+ Kxh1 78. Ke3 Kg2 79. Ke4 Kg3 80. Ke5 Rf4 0-1

[Event "Leverkusen-ch"]
[Site "Leverkusen"]
[Date "2004.05.31"]
[Round "1"]
[White "Hess, Christian1111"]
[Black "Konzen, Horst"]
[Result "1-0"]
[WhiteElo "2018"]
[BlackElo "1865"]
[PlyCount "117"]
[EventDate "2004.05.31"]
[EventType "swiss"]
[EventRounds "7"]
[EventCountry "GER"]
[SourceTitle "CBM 100 Extra"]
[Source "ChessBase"]
[SourceDate "2004.07.06"]
[SourceVersion "2"]
[SourceVersionDate "2004.07.06"]
[SourceQuality "1"]

1. e4 d6 2. d4 Nf6 3. Bd3 e5 4. d5 c6 5. c4 cxd5 6. cxd5 Be7 7. Nc3 0-0 8. Nge2 Nbd7 9. f3 a6 10. Be3 b5 11. b4 Nb6 12. 0-0 Bd7 13. h3 Rc8 14. a4 Nc4 15. Bxc4 Rxc4 16. axb5 axb5 17. Qb3 Qb8 18. Ra6 Rc7 19. Rfa1 Rb7 20. f4 Rc8 21. fxe5 dxe5 22. Bc5 Bf8 23. d6 Bc6 24. Qd1 Rd7 25. Rb6 Rb7 26. Rxb7 Qxb7 27. Ra7 Qb8 28. Ng3 g6 29. Ra6 Qb7 30. Qa1 Nd7 31. Qa5 Qb8 32. Kh2 Bxd6 33. Bxd6 Qxd6 34. Nxb5 Qb8 35. Na7 Bb7 36. Nxc8 Qxc8 37. Rd6 Kf8 38. Qa2 Ke7 39. Rd3 h5 40. Qd2 Qc6 41. Qg5+ Ke8 42. Qd2 Ba6 43. Rc3 Qb6 44. Nh1 Ke7 45. Rc1 Bb7 46. Nf2 Nf8 47. Rd1 Qc7 48. Qe3 Ne6 49. Nd3 Nd4 50. Rc1 Qd6 51. Qg5+ f6 52. Qxg6 Bc6 53. Nc5 Nf3+ 54. Kh1 Qd2 55. Rf1 Qxb4 56. Rxf3 Qxc5 57. Rxf6 Bd7 58. Qg5 Be6 59. Qg7+ 1-0

[Event "Cologne-ch 04"]
[Site "Cologne"]
[Date "2004.??.??"]
[Round "7"]
[White "Konzen, Horst"]
[Black "Georgi, Thomas"]
[Result "1-0"]
[WhiteElo "1818"]
[BlackElo "1871"]
[PlyCount "63"]
[EventDate "2004.01.??"]
[EventType "swiss"]
[EventRounds "7"]
[EventCountry "GER"]
[SourceTitle "EXT 2006"]
[Source "ChessBase"]
[SourceDate "2005.11.24"]
[SourceVersion "1"]
[SourceVersionDate "2005.11.24"]
[SourceQuality "1"]

1. Nf3 d5 2. g3 Nf6 3. b3 g6 4. Bb2 Bg7 5. Bg2 0-0 6. d3 c6 7. 0-0 Nbd7 8. Nbd2 Re8 9. Re1 e5 10. e4 d4 11. h3 b5 12. a4 a5 13. Qe2 Bb7 14. Nh2 Nc5 15. Ng4 Nxg4 16. Qxg4 Bc8 17. Qe2 Be6 18. f4 Qd7 19. Kh2 exf4 20. gxf4 bxa4 21. bxa4 Rab8 22. Bc1 Qc7 23. Nf3 Bh6 24. e5 Red8 25. Qf2 Qd7 26. Qh4 Bf8 27. Ng5 h5 28. Ne4 Nxe4 29. Bxe4 Be7 30. Qg3 Bf5 31. e6 Qxe6 32. Bxf5 1-0

[Event "Cologne-ch 04"]
[Site "Cologne"]
[Date "2004.??.??"]
[Round "4"]
[White "Konzen, Horst"]
[Black "Zegners, Dainis"]
[Result "0-1"]
[WhiteElo "1818"]
[BlackElo "1511"]
[PlyCount "112"]
[EventDate "2004.01.??"]
[EventType "swiss"]
[EventRounds "7"]
[EventCountry "GER"]
[SourceTitle "EXT 2006"]
[Source "ChessBase"]
[SourceDate "2005.11.24"]
[SourceVersion "1"]
[SourceVersionDate "2005.11.24"]
[SourceQuality "1"]

1. Nf3 d5 2. b3 Nf6 3. Bb2 c5 4. e3 Bg4 5. Be2 Nc6 6. d3 e6 7. Nbd2 Bd6 8. 0-0 0-0 9. d4 Qc7 10. h3 Bf5 11. Rc1 Rfe8 12. dxc5 Bxc5 13. Nd4 Nxd4 14. exd4 Bd6 15. Nf3 Bf4 16. c4 Bxc1 17. Qxc1 dxc4 18. bxc4 Rac8 19. g4 Bg6 20. Qe3 h6 21. Ne5 Bh7 22. Rc1 Nd7 23. Nf3 Qc6 24. Nd2 Nb6 25. Qg3 Red8 26. h4 Qc7 27. Qe3 Qe7 28. Nf3 Qb4 29. Ba3 Qa4 30. Nd2 Rc7 31. Bd1 Qd7 32. Bb2 Rdc8 33. Be2 Qa4 34. Qc3 Nd5 35. Qg3 Qxa2 36. Qb3 Qxb3 37. Nxb3 Nf4 38. Bf1 Nd3 39. Bxd3 Bxd3 40. c5 Be4 41. Nd2 Bd5 42. f4 b6 43. Ba3 bxc5 44. dxc5 Kf8 45. Kf2 Ke8 46. Ke3 Kd7 47. Kd4 Kc6 48. Rc3 f6 49. Rg3 Re8 50. g5 hxg5 51. hxg5 e5+ 52. fxe5 fxe5+ 53. Ke3 Rf7 54. Rg1 Rf4 55. Rc1 Rg4 56. Nf3 Rg3 0-1